|
|
|
|
| LEADER |
02060nam a2200445 a 4500 |
| 001 |
EBC3444266 |
| 003 |
MiAaPQ |
| 005 |
20200520144314.0 |
| 006 |
m o d | |
| 007 |
cr cn||||||||| |
| 008 |
070918s2008 wau sb 001 0 eng d |
| 010 |
|
|
|z 2007038562
|
| 020 |
|
|
|z 9780295987910 (pbk. : alk. paper)
|
| 020 |
|
|
|z 029598791X (pbk. : alk. paper)
|
| 020 |
|
|
|a 9780295990316 (electronic bk.)
|
| 035 |
|
|
|a (MiAaPQ)EBC3444266
|
| 035 |
|
|
|a (Au-PeEL)EBL3444266
|
| 035 |
|
|
|a (CaPaEBR)ebr10442202
|
| 035 |
|
|
|a (CaONFJC)MIL810485
|
| 035 |
|
|
|a (OCoLC)701103973
|
| 040 |
|
|
|a MiAaPQ
|c MiAaPQ
|d MiAaPQ
|
| 043 |
|
|
|a n-us---
|
| 050 |
|
4 |
|a TP248.2
|b .C674 2008
|
| 082 |
0 |
4 |
|a 303.48/3
|2 22
|
| 100 |
1 |
|
|a Cooper, Melinda.
|
| 245 |
1 |
0 |
|a Life as surplus
|h [electronic resource] :
|b biotechnology and capitalism in the neoliberal era /
|c Melinda Cooper.
|
| 260 |
|
|
|a Seattle :
|b University of Washington Press,
|c c2008.
|
| 300 |
|
|
|a ix, 222 p.
|
| 490 |
1 |
|
|a In vivo
|
| 500 |
|
|
|a "A McLellan book"--t.p.
|
| 504 |
|
|
|a Includes bibliographical references (p. 195-211) and index.
|
| 505 |
0 |
|
|a Life beyond the limits : inventing the bioeconomy -- On pharmaceutical empire: AIDS, security, and exorcism -- Preempting emergence : the biological turn in the war on terror -- Contortions : tissue engineering and the topological body -- Labors of regeneration : stem cells and the embryoid bodies of capital -- The unborn born again : neo-imperialism, the evangelical right, and the culture of life.
|
| 533 |
|
|
|a Electronic reproduction. Ann Arbor, MI : ProQuest, 2015. Available via World Wide Web. Access may be limited to ProQuest affiliated libraries.
|
| 650 |
|
0 |
|a Biotechnology
|x Political aspects
|z United States.
|
| 650 |
|
0 |
|a Life sciences
|x Political aspects
|z United States.
|
| 650 |
|
0 |
|a Capitalism
|x Health aspects
|z United States.
|
| 655 |
|
4 |
|a Electronic books.
|
| 710 |
2 |
|
|a ProQuest (Firm)
|
| 830 |
|
0 |
|a In vivo (Seattle, Wash.)
|
| 856 |
4 |
0 |
|u https://ebookcentral.proquest.com/lib/matrademy/detail.action?docID=3444266
|z Click to View
|